Hniezdne priestorové niky ďatlov (Piciformes)

Bibliographic Details
Main Author: Pavlík, Štefan (Author)
Format: Article
Language:Slovak
PhysicalDescription:Tab. 1, res. angl., lit. 2 zázn. v češ., slov.
ISSN:0006-3088
Subjects:

MARC

LEADER 00000nab a2200000 a 4500
001 vtls000475430
003 SK-MaSNL
005 20260304082819.0
008 250424c1992 xo 0 slo
015 |a SNBRB19rr/mm-uuuuu 
035 |a CL0475564 
035 |a urn:nbn:sk:snk-abbn74 
035 |a (urnnbn)urn:nbn:sk:snk:ar-000uud 
035 |a (uuid)8657f190-5b90-4633-9ac0-ba54232d0944 
040 |a SNKBUCL  |b slo  |c SNKBUCL  |e AACR2 
041 0 |a slo 
044 |a xo  |c SK 
080 |a 598.726:591.521  |2 1981 
080 |a 591.521  |2 1981 
100 1 |a Pavlík, Štefan  |4 aut  |9 11259 
245 1 0 |a Hniezdne priestorové niky ďatlov (Piciformes)  |c Štefan Pavlík 
300 |b Tab. 1, res. angl., lit. 2 zázn. v češ., slov. 
650 0 7 |a ďatle  |2 snkbucl  |9 112211 
650 0 7 |a Piciformes  |2 snkbucl  |9 982998 
650 0 7 |a niky priestorové hniezdne  |2 snkbucl  |9 1372510 
655 7 |a články z novín a časopisov  |2 snkbucl  |9 267496 
773 0 |t Biológia  |g Roč. 47, č. 8 (1992), s. 671-675  |x 0006-3088 
850 |a Slovenská národná knižnica 
852 |a Slovenská národná knižnica 
954 |a odborná, vedecká literatúra pôvodná (slovenská)  |2 lita 
958 |a article15 
958 |a OND 
958 |a RK 
958 |a EUIPO 
992 |a RBX 
999 |c 2798381  |d 2800311